000
00270nam a22001097a 4500
999
_c
5008
_d
5008
008
250509b ||||| |||| 00| 0 eng d
020
_a
9780857807809
082
_a
623.74 BOO
245
_a
SPITFIRE
260
_a
COTTAGE FARM,SYWELL,NN6 0BJ
_b
IGLOOBOOKS
_c
2012
942
_2
ddc